000 00722cam a22002293a 4500
001 25692
003 PGUSA
005 20140828083543.0
008 080604s2008||||xxu|||||s|||||000 | eng d
040 _aPGUSA
_beng
042 _adc
050 4 _aRX
100 1 _aHill, B. L.
_q(Benjamin L.)
245 1 3 _aAn Epitome of the Homeopathic Healing Art :
_bContaining the New Discoveries and Improvements to the Present Time
_h[electronic resource] /
_cB. L. Hill
260 _bProject Gutenberg,
_c2008
506 _aPublic domain in the USA.
516 _aElectronic text
653 _aHomeopathy -- Popular works
830 0 _aProject Gutenberg
_v25692
856 4 0 _uhttp://www.gutenberg.org/ebooks/25692
942 _cEB
999 _c254947
_d254947